| 000 | 00897cam a22002654a 4500 | ||
|---|---|---|---|
| 020 | _a0471415138 (cloth : alk. paper) | ||
| 040 | _cDLC | ||
| 041 | 1 | _hger | |
| 082 | 0 | 0 | _a355 WIL 2001 A021 Or. |
| 100 | 1 | _aClausewitz, Carl von, | |
| 245 | 0 | 0 |
_aClausewitz on strategy : _binspiration and insight from a master strategist / |
| 260 |
_aNew York : _bWiley, _cc2001. |
||
| 300 |
_axii, 196 p. : _bill., maps ; _c24 cm. |
||
| 500 | _aTranslation from German. | ||
| 500 | _aIncludes index. | ||
| 650 | 0 | _aMilitary art and science. | |
| 650 | 0 | _aStrategy. | |
| 700 | 1 | _aGhyczy, Tiha von. | |
| 700 | 1 | _aOetinger, Bolko von. | |
| 700 | 1 | _aBassford, Christopher. | |
| 856 | 4 | 2 | _uhttp://www.loc.gov/catdir/bios/wiley044/2001017641.html |
| 856 | 4 | 2 | _uhttp://www.loc.gov/catdir/description/wiley037/2001017641.html |
| 856 | 4 | 1 | _uhttp://www.loc.gov/catdir/toc/onix06/2001017641.html |
| 942 | _cEK | ||
| 999 |
_c12599 _d12599 |
||